Default - Madison Beer - Statistics

General Stats
  • This quiz has been taken 22 times
  • The average score is 105 of 130
Answer Stats
Hint Answer % Correct
a
100%
I
100%
me
100%
the
100%
The
100%
to
100%
you
100%
You
100%
be
93%
default
93%
end
93%
for
93%
get
93%
hard
93%
that
93%
this
93%
and
86%
Chorus And
86%
back
86%
Verse Breathin'
86%
breathin'
86%
bring
86%
it
86%
know
86%
let
86%
love
86%
of
86%
so
86%
When
86%
will
86%
you're
86%
down
79%
Every
79%
It's
79%
it's
79%
my
79%
now
79%
oh
79%
out
79%
death
71%
did
71%
feel
71%
gets
71%
hope
71%
swear
71%
time
71%
Can't
64%
deep
64%
even
64%
from
64%
honey
64%
how
64%
If
64%
moonlight?
64%
must
64%
proud
64%
such
64%
take
64%
there's
64%
under
64%
up
64%
Comin'
57%
drop
57%
God
57%
hole
57%
last
57%
many
57%
or
57%
send
57%
sign
57%
count
50%
hearing
50%
more
50%
slowin'
50%
speedin'
50%
times
50%
spill
36%
long
21%
No matching quizzes found
Score Distribution
Percent of People with Each Score
Percentile by Number Answered
Your Score History
You have not taken this quiz